[Event "DVM U16 2022"]
[Site "Darmstadt GER"]
[Date "2022.12.30"]
[Round "7"]
[White "Reichmann, Felix"]
[Black "Halabi, Ibrahim"]
[Result "1-0"]
[Termination "normal"]
[Board "6.1"]
[WhiteElo "1813"]
[BlackElo "1927"]
[WhiteClock "00:28:02"]
[BlackClock "00:23:37"]
[WhiteTeam "Schachfreunde Nordost Berlin"]
[BlackTeam "SK Frankenthal"]
[PlyCount "91"]
[WhiteFideId "16238290"]
[BlackFideId "16241754"]
[EventCountry "GER"]
[EventRounds "7"]
[EventType "team-swiss"]
[EventDate "2022.12.26"]

1. c4 {[%clk 1:30:59]} e6 {[%clk 1:30:41]} 2. Nf3 {[%clk 1:30:36]} Nf6 {[%clk
1:30:48]} 3. g3 {[%clk 1:30:45]} d5 {[%clk 1:30:36]} 4. d4 {[%clk 1:30:39]} Be7
{[%clk 1:30:54]} 5. Bg2 {[%clk 1:31:00]} O-O {[%clk 1:30:59]} 6. O-O {[%clk
1:31:12]} dxc4 {[%clk 1:30:56]} 7. Qc2 {[%clk 1:31:03]} b5 {[%clk 1:30:18]} 8.
Ne5 {[%clk 1:17:03]} Nd5 {[%clk 1:28:05]} 9. Nc3 {[%clk 1:16:35]} c6 {[%clk
1:26:25]} 10. Rd1 {[%clk 1:11:23]} f6 {[%clk 1:17:24]} 11. Nf3 {[%clk 1:11:17]}
a5 {[%clk 1:09:19]} 12. e4 {[%clk 1:08:52]} Nb4 {[%clk 1:04:44]} 13. Qe2 {[%clk
1:09:00]} Nd3 {[%clk 1:03:56]} 14. d5 {[%clk 1:02:00]} b4 {[%clk 0:57:02]} 15.
Na4 {[%clk 1:02:19]} cxd5 {[%clk 0:57:24]} 16. exd5 {[%clk 1:02:36]} Bd7 {[%clk
0:55:04]} 17. b3 {[%clk 1:01:45]} exd5 {[%clk 0:51:09]} 18. Ne1 {[%clk
0:57:34]} Bxa4 {[%clk 0:30:58]} 19. bxa4 {[%clk 0:50:49]} Kh8 {[%clk 0:24:24]}
20. Nxd3 {[%clk 0:50:04]} cxd3 {[%clk 0:24:49]} 21. Rxd3 {[%clk 0:47:56]} Ra6
{[%clk 0:23:32]} 22. Bf4 {[%clk 0:44:35]} Bc5 {[%clk 0:19:16]} 23. Rxd5 {[%clk
0:31:13]} Qe7 {[%clk 0:19:09]} 24. Qxe7 {[%clk 0:26:52]} Bxe7 {[%clk 0:19:32]}
25. Re1 {[%clk 0:27:14]} Ra7 {[%clk 0:15:16]} 26. Rb5 {[%clk 0:23:23]} Na6
{[%clk 0:15:35]} 27. Bb7 {[%clk 0:20:54]} g5 {[%clk 0:12:14]} 28. Be3 {[%clk
0:20:38]} Bc5 {[%clk 0:12:22]} 29. Rxc5 {[%clk 0:16:16]} Rxb7 {[%clk 0:10:56]}
30. Rxa5 {[%clk 0:16:42]} Nb8 {[%clk 0:10:29]} 31. Rb5 {[%clk 0:10:49]} Rff7
{[%clk 0:09:44]} 32. Bd4 {[%clk 0:10:41]} Kg7 {[%clk 0:09:20]} 33. Rxg5 {[%clk
0:11:05]} Kh6 {[%clk 0:08:15]} 34. Rb5 {[%clk 0:11:21]} Kg6 {[%clk 0:01:26]}
35. Re6 {[%clk 0:10:50]} Rxb5 {[%clk 0:01:20]} 36. axb5 {[%clk 0:11:16]} Kf5
{[%clk 0:01:41]} 37. Rd6 {[%clk 0:10:24]} Nd7 {[%clk 0:00:51]} 38. b6 {[%clk
0:08:24]} Ne5 {[%clk 0:01:09]} 39. Bc5 {[%clk 0:08:24]} Rb7 {[%clk 0:00:31]}
40. Kf1 {[%clk 0:04:04]} Nd7 {[%clk 0:00:31]} 41. Bd4 {[%clk 0:04:04]} Ne5
{[%clk 0:29:43]} 42. Ke2 {[%clk 0:31:12]} Re7 {[%clk 0:28:11]} 43. Be3 {[%clk
0:28:48]} Rb7 {[%clk 0:25:20]} 44. Rd4 {[%clk 0:28:14]} Ng4 {[%clk 0:23:15]}
45. Rf4 {[%clk 0:27:38]} Kg5 {[%clk 0:23:37]} 46. h4 {[%clk 0:28:02]} 1-0

[Event "DVM U16 2022"]
[Site "Darmstadt GER"]
[Date "2022.12.30"]
[Round "7"]
[White "Morgenthaler, Nick"]
[Black "Gutewort, Paul Emil"]
[Result "1/2-1/2"]
[Termination "normal"]
[Board "6.2"]
[WhiteElo "1320"]
[BlackElo "1667"]
[WhiteClock "00:10:35"]
[BlackClock "00:06:06"]
[WhiteTeam "SK Frankenthal"]
[BlackTeam "Schachfreunde Nordost Berlin"]
[PlyCount "92"]
[WhiteFideId "16286138"]
[BlackFideId "16204182"]
[EventCountry "GER"]
[EventRounds "7"]
[EventType "team-swiss"]
[EventDate "2022.12.26"]

1. d4 {[%clk 1:30:58]} g6 {[%clk 1:30:51]} 2. c4 {[%clk 1:31:21]} Bg7 {[%clk
1:31:10]} 3. e4 {[%clk 1:31:46]} d6 {[%clk 1:31:30]} 4. Nc3 {[%clk 1:32:11]} e5
{[%clk 1:31:49]} 5. Nf3 {[%clk 1:32:34]} Nc6 {[%clk 1:32:05]} 6. Be3 {[%clk
1:31:53]} Bg4 {[%clk 1:31:38]} 7. dxe5 {[%clk 1:30:51]} Nxe5 {[%clk 1:23:55]}
8. Be2 {[%clk 1:28:02]} Bxf3 {[%clk 1:19:55]} 9. gxf3 {[%clk 1:26:43]} Nf6
{[%clk 1:18:47]} 10. h4 {[%clk 1:26:10]} Qe7 {[%clk 1:10:42]} 11. a3 {[%clk
1:24:21]} Nc6 {[%clk 1:07:05]} 12. Qc2 {[%clk 1:23:00]} h6 {[%clk 1:04:49]} 13.
O-O-O {[%clk 1:22:27]} O-O-O {[%clk 1:02:16]} 14. Qa4 {[%clk 1:21:53]} Kb8
{[%clk 0:52:54]} 15. Rd5 {[%clk 1:08:28]} Nd7 {[%clk 0:48:54]} 16. Qc2 {[%clk
1:02:00]} Nb6 {[%clk 0:48:47]} 17. Rd2 {[%clk 1:00:11]} f5 {[%clk 0:45:03]} 18.
exf5 {[%clk 0:53:41]} gxf5 {[%clk 0:45:21]} 19. Nd5 {[%clk 0:52:33]} Qf7 {[%clk
0:43:33]} 20. f4 {[%clk 0:52:32]} Rhf8 {[%clk 0:38:26]} 21. b4 {[%clk 0:51:23]}
Ne7 {[%clk 0:31:59]} 22. Nxb6 {[%clk 0:48:07]} axb6 {[%clk 0:32:11]} 23. Bf3
{[%clk 0:47:39]} Nc6 {[%clk 0:27:07]} 24. Qb3 {[%clk 0:44:19]} Qf6 {[%clk
0:24:13]} 25. Kc2 {[%clk 0:44:09]} Rfe8 {[%clk 0:23:03]} 26. a4 {[%clk
0:43:49]} Re4 {[%clk 0:17:53]} 27. Bxe4 {[%clk 0:43:08]} fxe4 {[%clk 0:18:19]}
28. h5 {[%clk 0:40:42]} Qf5 {[%clk 0:17:42]} 29. Kb1 {[%clk 0:37:16]} Qg4
{[%clk 0:17:36]} 30. Ka2 {[%clk 0:36:44]} Qf3 {[%clk 0:14:15]} 31. Qd1 {[%clk
0:32:48]} Nxb4 {[%clk 0:13:53]} 32. Kb1 {[%clk 0:29:57]} Kc8 {[%clk 0:10:11]}
33. Qxf3 {[%clk 0:30:19]} exf3 {[%clk 0:10:38]} 34. Rh3 {[%clk 0:29:10]} Kd7
{[%clk 0:10:36]} 35. Rxf3 {[%clk 0:29:12]} Ra8 {[%clk 0:10:57]} 36. Bd4 {[%clk
0:29:12]} Bf8 {[%clk 0:11:12]} 37. Rg3 {[%clk 0:21:51]} Rxa4 {[%clk 0:11:23]}
38. Rg6 {[%clk 0:22:02]} Nc6 {[%clk 0:10:52]} 39. Bg7 {[%clk 0:21:34]} Bxg7
{[%clk 0:09:28]} 40. Rxg7 {[%clk 0:21:59]} Ke6 {[%clk 0:09:52]} 41. Rg6 {[%clk
0:19:06]} Kf5 {[%clk 0:10:05]} 42. Rc2 {[%clk 0:18:40]} Nd4 {[%clk 0:09:20]}
43. Rc3 {[%clk 0:18:25]} Ne2 {[%clk 0:08:43]} 44. Rc2 {[%clk 0:18:04]} Nd4
{[%clk 0:06:09]} 45. Rc3 {[%clk 0:10:29]} Ne2 {[%clk 0:06:06]} 46. Rc2 {[%clk
0:10:35]} Nd4 1/2-1/2

[Event "DVM U16 2022"]
[Site "Darmstadt GER"]
[Date "2022.12.30"]
[Round "7"]
[White "Duduka, Artem"]
[Black "Schreidl, Michael"]
[Result "0-1"]
[Termination "normal"]
[Board "6.3"]
[WhiteElo "1602"]
[BlackElo "1713"]
[WhiteClock "00:43:18"]
[BlackClock "00:04:02"]
[WhiteTeam "Schachfreunde Nordost Berlin"]
[BlackTeam "SK Frankenthal"]
[PlyCount "190"]
[WhiteFideId "14194805"]
[BlackFideId "16265750"]
[EventCountry "GER"]
[EventRounds "7"]
[EventType "team-swiss"]
[EventDate "2022.12.26"]

1. e4 {[%clk 1:30:53]} e5 {[%clk 1:30:56]} 2. Nf3 {[%clk 1:31:15]} Nc6 {[%clk
1:31:22]} 3. d4 {[%clk 1:31:36]} exd4 {[%clk 1:31:46]} 4. Nxd4 {[%clk 1:32:01]}
Bc5 {[%clk 1:31:58]} 5. Be3 {[%clk 1:32:22]} Qf6 {[%clk 1:32:24]} 6. c3 {[%clk
1:32:48]} Nge7 {[%clk 1:32:14]} 7. Bb5 {[%clk 1:32:57]} Bb6 {[%clk 1:31:28]} 8.
O-O {[%clk 1:32:30]} O-O {[%clk 1:29:36]} 9. Ba4 {[%clk 1:30:13]} d5 {[%clk
1:26:41]} 10. Bc2 {[%clk 1:28:41]} Nxd4 {[%clk 1:20:51]} 11. Bxd4 {[%clk
1:28:27]} Bxd4 {[%clk 1:21:13]} 12. Qxd4 {[%clk 1:26:39]} Qxd4 {[%clk 1:20:47]}
13. cxd4 {[%clk 1:27:05]} dxe4 {[%clk 1:08:38]} 14. Bxe4 {[%clk 1:27:09]} Rd8
{[%clk 1:05:00]} 15. Rd1 {[%clk 1:26:38]} c6 {[%clk 0:55:06]} 16. Nc3 {[%clk
1:25:29]} Be6 {[%clk 0:54:07]} 17. Rd2 {[%clk 1:24:27]} Nd5 {[%clk 0:53:06]}
18. Nxd5 {[%clk 1:23:33]} Bxd5 {[%clk 0:53:28]} 19. Bxd5 {[%clk 1:23:32]} Rxd5
{[%clk 0:53:51]} 20. Kf1 {[%clk 1:06:03]} Rad8 {[%clk 0:53:47]} 21. Re1 {[%clk
1:05:07]} Kf8 {[%clk 0:53:57]} 22. Rde2 {[%clk 1:05:11]} Rxd4 {[%clk 0:52:06]}
23. Re7 {[%clk 1:03:51]} R4d7 {[%clk 0:51:46]} 24. R7e2 {[%clk 1:02:18]} Rd2
{[%clk 0:47:56]} 25. f3 {[%clk 1:02:13]} Rd1 {[%clk 0:39:18]} 26. Rf2 {[%clk
0:59:48]} R8d2 {[%clk 0:36:29]} 27. Rxd1 {[%clk 1:00:10]} Rxd1 {[%clk 0:36:55]}
28. Ke2 {[%clk 1:00:32]} Rd5 {[%clk 0:37:06]} 29. f4 {[%clk 1:00:32]} f5 {[%clk
0:36:59]} 30. Rf3 {[%clk 1:00:44]} Rd4 {[%clk 0:35:02]} 31. g3 {[%clk 1:00:09]}
h5 {[%clk 0:32:53]} 32. Rb3 {[%clk 0:59:38]} b6 {[%clk 0:29:10]} 33. Rc3 {[%clk
0:59:36]} c5 {[%clk 0:27:17]} 34. a3 {[%clk 0:57:33]} Kf7 {[%clk 0:19:09]} 35.
Re3 {[%clk 0:55:08]} h4 {[%clk 0:15:05]} 36. Rc3 {[%clk 0:54:11]} hxg3 {[%clk
0:13:16]} 37. hxg3 {[%clk 0:53:54]} Kf6 {[%clk 0:11:52]} 38. Rc1 {[%clk
0:53:13]} g6 {[%clk 0:06:28]} 39. Rh1 {[%clk 0:47:38]} Kg7 {[%clk 0:05:17]} 40.
Rc1 {[%clk 0:47:02]} a6 {[%clk 0:04:56]} 41. b3 {[%clk 0:46:51]} Rd8 {[%clk
0:01:27]} 42. Ke3 {[%clk 0:43:08]} Rd4 {[%clk 0:01:00]} 43. Ke2 {[%clk
0:43:18]} Kf6 {[%clk 0:00:58]} 44. Rc3 {[%clk 0:40:06]} Ke6 {[%clk 0:00:51]}
45. Re3 {[%clk 0:37:15]} Kd5 {[%clk 0:01:10]} 46. Re5 {[%clk 0:37:27]} Kc6
{[%clk 0:01:29]} 47. Re3 {[%clk 0:35:30]} Rd6 {[%clk 0:00:40]} 48. Rc3 {[%clk
0:34:36]} Re6 {[%clk 0:23:42]} 49. Kd2 {[%clk 1:04:42]} b5 {[%clk 0:21:53]} 50.
Rc2 {[%clk 1:01:30]} Re4 {[%clk 0:19:57]} 51. Rc3 {[%clk 0:58:44]} a5 {[%clk
0:19:14]} 52. Rc1 {[%clk 0:57:59]} a4 {[%clk 0:16:51]} 53. bxa4 {[%clk
0:55:35]} Rxa4 {[%clk 0:17:01]} 54. Rc3 {[%clk 0:55:53]} Kd5 {[%clk 0:16:14]}
55. Ke3 {[%clk 0:55:06]} c4 {[%clk 0:15:21]} 56. Kd2 {[%clk 0:55:06]} Kd4
{[%clk 0:14:52]} 57. Rf3 {[%clk 0:55:22]} b4 {[%clk 0:14:56]} 58. axb4 {[%clk
0:55:41]} Rxb4 {[%clk 0:15:10]} 59. Ra3 {[%clk 0:55:12]} c3 {[%clk 0:14:31]}
60. Kc1 {[%clk 0:53:00]} Rb6 {[%clk 0:10:58]} 61. Ra4 {[%clk 0:52:31]} Kd3
{[%clk 0:10:22]} 62. Ra8 {[%clk 0:52:04]} Rc6 {[%clk 0:04:48]} 63. Re8 {[%clk
0:52:25]} Kc4 {[%clk 0:04:56]} 64. Kc2 {[%clk 0:52:10]} Kd4 {[%clk 0:04:40]}
65. Re7 {[%clk 0:51:22]} Kd5 {[%clk 0:04:10]} 66. Re8 {[%clk 0:51:28]} Ra6
{[%clk 0:03:07]} 67. Kxc3 {[%clk 0:44:41]} Ra3 {[%clk 0:03:30]} 68. Kd2 {[%clk
0:45:06]} Rxg3 {[%clk 0:03:56]} 69. Ke2 {[%clk 0:45:30]} Rh3 {[%clk 0:03:33]}
70. Rg8 {[%clk 0:45:13]} Ke4 {[%clk 0:03:27]} 71. Rxg6 {[%clk 0:45:37]} Rh2
{[%clk 0:03:27]} 72. Ke1 {[%clk 0:44:24]} Kxf4 {[%clk 0:03:47]} 73. Rg8 {[%clk
0:44:45]} Rb2 {[%clk 0:03:33]} 74. Rf8 {[%clk 0:44:57]} Ke3 {[%clk 0:03:40]}
75. Re8 {[%clk 0:44:00]} Kf3 {[%clk 0:04:05]} 76. Rf8 {[%clk 0:44:18]} f4
{[%clk 0:04:21]} 77. Rf7 {[%clk 0:44:28]} Re2 {[%clk 0:04:15]} 78. Kf1 {[%clk
0:44:40]} Re5 {[%clk 0:03:36]} 79. Rf8 {[%clk 0:44:43]} Ke3 {[%clk 0:03:01]}
80. Rf7 {[%clk 0:44:55]} Rb5 {[%clk 0:03:10]} 81. Re7 {[%clk 0:45:18]} Kf3
{[%clk 0:03:31]} 82. Kg1 {[%clk 0:45:06]} Rb3 {[%clk 0:03:53]} 83. Re8 {[%clk
0:44:57]} Rb1 {[%clk 0:04:00]} 84. Kh2 {[%clk 0:45:17]} Kf2 {[%clk 0:04:18]}
85. Rf8 {[%clk 0:45:28]} f3 {[%clk 0:04:41]} 86. Rf7 {[%clk 0:45:41]} Rb8
{[%clk 0:04:47]} 87. Rh7 {[%clk 0:45:46]} Rg8 {[%clk 0:04:51]} 88. Rh6 {[%clk
0:45:31]} Kf1 {[%clk 0:04:47]} 89. Rh7 {[%clk 0:45:48]} Rg2 {[%clk 0:04:34]}
90. Kh1 {[%clk 0:46:10]} Rd2 {[%clk 0:04:22]} 91. Rf7 {[%clk 0:46:26]} Rd3
{[%clk 0:03:36]} 92. Re7 {[%clk 0:44:56]} f2 {[%clk 0:03:34]} 93. Kh2 {[%clk
0:44:39]} Rd8 {[%clk 0:03:30]} 94. Rf7 {[%clk 0:43:04]} Rh8 {[%clk 0:03:41]}
95. Kg3 {[%clk 0:43:18]} Kg1 {[%clk 0:04:02]} 0-1

[Event "DVM U16 2022"]
[Site "Darmstadt GER"]
[Date "2022.12.30"]
[Round "7"]
[White "Huang, Luca Hanson"]
[Black "Beck, Felix"]
[Result "0-1"]
[Termination "normal"]
[Board "6.4"]
[WhiteElo "1538"]
[BlackElo "1535"]
[WhiteClock "00:13:59"]
[BlackClock "00:32:04"]
[WhiteTeam "SK Frankenthal"]
[BlackTeam "Schachfreunde Nordost Berlin"]
[PlyCount "88"]
[WhiteFideId "16279182"]
[BlackFideId "16255364"]
[EventCountry "GER"]
[EventRounds "7"]
[EventType "team-swiss"]
[EventDate "2022.12.26"]

1. e4 {[%clk 1:30:59]} c6 {[%clk 1:30:56]} 2. d4 {[%clk 1:31:21]} d5 {[%clk
1:31:17]} 3. e5 {[%clk 1:31:42]} Bf5 {[%clk 1:31:37]} 4. Nf3 {[%clk 1:32:00]}
e6 {[%clk 1:31:48]} 5. Be2 {[%clk 1:31:03]} c5 {[%clk 1:31:30]} 6. c3 {[%clk
1:31:27]} Nc6 {[%clk 1:31:52]} 7. Nbd2 {[%clk 1:29:13]} cxd4 {[%clk 1:30:08]}
8. Nxd4 {[%clk 1:22:22]} Nge7 {[%clk 1:02:55]} 9. N2f3 {[%clk 1:20:45]} Bg6
{[%clk 0:48:37]} 10. Bg5 {[%clk 1:10:01]} h6 {[%clk 0:43:41]} 11. Bh4 {[%clk
1:09:56]} Qb6 {[%clk 0:39:09]} 12. Qd2 {[%clk 1:04:27]} Nf5 {[%clk 0:35:50]}
13. a3 {[%clk 1:00:22]} Rc8 {[%clk 0:32:37]} 14. Rc1 {[%clk 0:52:26]} a6 15.
Nxf5 {[%clk 0:48:52]} Bxf5 {[%clk 0:18:41]} 16. O-O {[%clk 0:48:11]} Qc7 {[%clk
0:18:35]} 17. Bg3 {[%clk 0:46:52]} b5 {[%clk 0:16:10]} 18. b4 {[%clk 0:44:51]}
Be7 {[%clk 0:15:58]} 19. Nd4 {[%clk 0:44:03]} Nxd4 {[%clk 0:06:11]} 20. cxd4
{[%clk 0:40:57]} Qd7 {[%clk 0:06:14]} 21. Rxc8 {[%clk 0:40:46]} Qxc8 {[%clk
0:06:39]} 22. Rc1 {[%clk 0:37:44]} Qb7 {[%clk 0:06:35]} 23. Bd3 {[%clk
0:36:29]} Bxd3 {[%clk 0:06:38]} 24. Qxd3 {[%clk 0:36:39]} O-O {[%clk 0:06:29]}
25. Qc3 {[%clk 0:36:15]} Ra8 {[%clk 0:05:54]} 26. Bf4 {[%clk 0:28:48]} Kf8
{[%clk 0:02:43]} 27. g3 {[%clk 0:23:18]} Ke8 {[%clk 0:02:00]} 28. Bd2 {[%clk
0:20:14]} Kd7 {[%clk 0:02:01]} 29. Kf1 {[%clk 0:19:38]} Rc8 {[%clk 0:02:25]}
30. Qb2 {[%clk 0:19:41]} Rc6 {[%clk 0:02:14]} 31. Rxc6 {[%clk 0:17:46]} Qxc6
{[%clk 0:02:41]} 32. Qc3 {[%clk 0:12:18]} Qc4 {[%clk 0:03:05]} 33. Qxc4 {[%clk
0:12:17]} dxc4 {[%clk 0:03:25]} 34. f4 {[%clk 0:11:08]} Kc6 {[%clk 0:03:39]}
35. Ke2 {[%clk 0:09:55]} Kd5 {[%clk 0:04:08]} 36. Ke3 {[%clk 0:08:55]} Bd8
{[%clk 0:04:26]} 37. Bc3 {[%clk 0:08:46]} Bb6 {[%clk 0:04:43]} 38. Bb2 {[%clk
0:08:12]} f6 {[%clk 0:04:27]} 39. Bc3 {[%clk 0:07:07]} Ba7 {[%clk 0:02:20]} 40.
g4 {[%clk 0:05:33]} Bb6 {[%clk 0:02:16]} 41. h3 {[%clk 0:02:09]} fxe5 {[%clk
0:01:46]} 42. fxe5 {[%clk 0:01:43]} Bd8 {[%clk 0:02:08]} 43. Kf3 {[%clk
0:14:10]} Bg5 {[%clk 0:32:16]} 44. Kg3 {[%clk 0:13:59]} Be3 {[%clk 0:32:04]}
0-1

[Event "DVM U16 2022"]
[Site "Darmstadt GER"]
[Date "2022.12.30"]
[Round "7"]
[White "Bilovil, Bogdan"]
[Black "Bock, Marlon"]
[Result "1-0"]
[Termination "normal"]
[Board "7.1"]
[WhiteTitle "FM"]
[WhiteElo "2373"]
[BlackElo "2002"]
[WhiteClock "00:22:02"]
[BlackClock "00:02:14"]
[WhiteTeam "Rhedaer Schachverein von 1931 e. V."]
[BlackTeam "SSV Vimaria 91 Weimar"]
[PlyCount "83"]
[WhiteFideId "14168766"]
[BlackFideId "16244931"]
[EventCountry "GER"]
[EventRounds "7"]
[EventType "team-swiss"]
[EventDate "2022.12.26"]

1. d4 {[%clk 1:30:56]} f5 {[%clk 1:30:57]} 2. c4 {[%clk 1:31:12]} Nf6 {[%clk
1:31:22]} 3. Nf3 {[%clk 1:31:36]} e6 {[%clk 1:31:41]} 4. g3 {[%clk 1:31:49]} d5
{[%clk 1:31:37]} 5. Bg2 {[%clk 1:32:07]} c6 {[%clk 1:31:18]} 6. O-O {[%clk
1:32:23]} Bd6 {[%clk 1:30:33]} 7. b3 {[%clk 1:32:41]} Qe7 {[%clk 1:29:37]} 8.
Bb2 {[%clk 1:31:07]} O-O {[%clk 1:29:03]} 9. Nbd2 {[%clk 1:31:12]} b6 {[%clk
1:23:46]} 10. Ne5 {[%clk 1:20:01]} Bb7 {[%clk 1:22:10]} 11. Rc1 {[%clk
1:16:36]} Ne4 {[%clk 1:18:44]} 12. Ndf3 {[%clk 1:15:44]} c5 {[%clk 1:12:15]}
13. dxc5 {[%clk 1:14:40]} bxc5 {[%clk 1:10:43]} 14. e3 {[%clk 1:14:51]} Nd7
{[%clk 1:05:52]} 15. Qe2 {[%clk 1:15:06]} Ndf6 {[%clk 1:03:18]} 16. h4 {[%clk
1:07:51]} a5 {[%clk 0:57:07]} 17. Bh3 {[%clk 1:04:16]} a4 {[%clk 0:50:51]} 18.
Rfd1 {[%clk 0:59:53]} axb3 {[%clk 0:46:58]} 19. axb3 {[%clk 1:00:22]} Ra2
{[%clk 0:41:45]} 20. Qc2 {[%clk 1:00:10]} Rfa8 {[%clk 0:39:42]} 21. Ra1 {[%clk
0:59:43]} Qd8 {[%clk 0:35:28]} 22. Bg2 {[%clk 0:46:58]} Rxa1 {[%clk 0:31:10]}
23. Bxa1 {[%clk 0:47:20]} Qc7 {[%clk 0:30:00]} 24. Qb2 {[%clk 0:43:30]} d4
{[%clk 0:27:00]} 25. exd4 {[%clk 0:42:10]} cxd4 {[%clk 0:27:20]} 26. Nd3 {[%clk
0:41:57]} e5 {[%clk 0:24:30]} 27. Re1 {[%clk 0:41:23]} Ng4 {[%clk 0:22:51]} 28.
Qc2 {[%clk 0:39:50]} Ra7 {[%clk 0:14:56]} 29. c5 {[%clk 0:29:27]} Nxc5 {[%clk
0:14:11]} 30. Qc4 {[%clk 0:29:36]} Qf7 {[%clk 0:10:56]} 31. Ndxe5 {[%clk
0:29:24]} Qxc4 {[%clk 0:09:39]} 32. Nxc4 {[%clk 0:29:44]} Bf8 {[%clk 0:06:30]}
33. Bxd4 {[%clk 0:30:00]} Ra2 {[%clk 0:06:08]} 34. Nfd2 {[%clk 0:25:24]} Bxg2
{[%clk 0:06:12]} 35. Kxg2 {[%clk 0:25:52]} Nd3 {[%clk 0:04:52]} 36. Re8 {[%clk
0:25:15]} Kf7 {[%clk 0:04:34]} 37. Rb8 {[%clk 0:25:32]} f4 {[%clk 0:04:06]} 38.
gxf4 {[%clk 0:23:07]} Nxf4 {[%clk 0:04:26]} 39. Kf3 {[%clk 0:22:52]} Ne6 {[%clk
0:04:23]} 40. Bxg7 {[%clk 0:22:16]} Nh2 {[%clk 0:04:10]} 41. Kg2 {[%clk
0:22:21]} Kxg7 {[%clk 0:02:14]} 42. Rb7 {[%clk 0:22:02]} 1-0

[Event "DVM U16 2022"]
[Site "Darmstadt GER"]
[Date "2022.12.30"]
[Round "7"]
[White "Günther, Arthur"]
[Black "Kolkmann, Tom"]
[Result "1/2-1/2"]
[Termination "normal"]
[Board "7.2"]
[WhiteElo "1633"]
[BlackElo "1661"]
[WhiteClock "00:53:47"]
[BlackClock "00:56:04"]
[WhiteTeam "SSV Vimaria 91 Weimar"]
[BlackTeam "Rhedaer Schachverein von 1931 e. V."]
[PlyCount "45"]
[WhiteFideId "16230078"]
[BlackFideId "34607013"]
[EventCountry "GER"]
[EventRounds "7"]
[EventType "team-swiss"]
[EventDate "2022.12.26"]

1. d4 {[%clk 1:30:58]} d5 {[%clk 1:30:58]} 2. Nf3 {[%clk 1:31:07]} Nf6 {[%clk
1:31:20]} 3. e3 {[%clk 1:31:14]} Bf5 {[%clk 1:31:43]} 4. c4 {[%clk 1:31:30]} e6
{[%clk 1:31:07]} 5. Nc3 {[%clk 1:31:47]} c6 {[%clk 1:31:20]} 6. Qb3 {[%clk
1:31:49]} Qc7 {[%clk 1:31:12]} 7. Nh4 {[%clk 1:29:02]} Bg6 {[%clk 1:30:50]} 8.
Nxg6 {[%clk 1:29:16]} hxg6 {[%clk 1:31:13]} 9. Bd2 {[%clk 1:28:11]} Nbd7 {[%clk
1:31:07]} 10. h3 {[%clk 1:26:47]} Be7 {[%clk 1:30:19]} 11. Be2 {[%clk 1:25:58]}
dxc4 {[%clk 1:29:48]} 12. Bxc4 {[%clk 1:23:45]} Nb6 {[%clk 1:30:13]} 13. Bd3
{[%clk 1:23:15]} O-O {[%clk 1:28:32]} 14. O-O {[%clk 1:23:14]} Rfd8 {[%clk
1:27:44]} 15. Rfd1 {[%clk 1:22:43]} Rac8 {[%clk 1:27:46]} 16. Rac1 {[%clk
1:22:49]} Qd7 {[%clk 1:20:32]} 17. Ne4 {[%clk 1:15:42]} Nxe4 {[%clk 1:17:18]}
18. Bxe4 {[%clk 1:15:59]} Nd5 {[%clk 1:17:16]} 19. Bf3 {[%clk 1:13:12]} Bg5
{[%clk 1:04:10]} 20. e4 {[%clk 1:10:54]} Bxd2 {[%clk 1:03:53]} 21. Rxd2 {[%clk
1:11:06]} Nf6 {[%clk 1:03:50]} 22. Rcd1 {[%clk 1:11:05]} Qe7 {[%clk 0:56:04]}
23. Qa4 {[%clk 0:53:47]} 1/2-1/2

[Event "DVM U16 2022"]
[Site "Darmstadt GER"]
[Date "2022.12.30"]
[Round "7"]
[White "Schirneck, Ethan"]
[Black "Beberhold, Otto Richard"]
[Result "0-1"]
[Termination "normal"]
[Board "7.3"]
[WhiteElo "1497"]
[BlackElo "1553"]
[WhiteClock "00:12:59"]
[BlackClock "00:24:06"]
[WhiteTeam "Rhedaer Schachverein von 1931 e. V."]
[BlackTeam "SSV Vimaria 91 Weimar"]
[PlyCount "96"]
[WhiteFideId "34625593"]
[BlackFideId "34617248"]
[EventCountry "GER"]
[EventRounds "7"]
[EventType "team-swiss"]
[EventDate "2022.12.26"]

1. Nf3 {[%clk 1:30:58]} d5 {[%clk 1:30:55]} 2. g3 {[%clk 1:31:23]} Nf6 {[%clk
1:31:20]} 3. Bg2 {[%clk 1:31:42]} c5 {[%clk 1:31:44]} 4. O-O {[%clk 1:31:58]}
e6 {[%clk 1:32:09]} 5. d3 {[%clk 1:32:22]} Nc6 {[%clk 1:32:33]} 6. Re1 {[%clk
1:32:36]} Be7 {[%clk 1:32:51]} 7. Nbd2 {[%clk 1:32:32]} O-O {[%clk 1:31:32]} 8.
e4 {[%clk 1:32:25]} a5 {[%clk 1:29:55]} 9. c3 {[%clk 1:28:54]} b5 {[%clk
1:28:43]} 10. b3 {[%clk 1:21:24]} Bb7 {[%clk 1:25:00]} 11. e5 {[%clk 1:20:47]}
Nd7 {[%clk 1:25:20]} 12. c4 {[%clk 1:21:00]} bxc4 {[%clk 1:21:32]} 13. bxc4
{[%clk 1:21:17]} Nb4 {[%clk 1:20:51]} 14. Nf1 {[%clk 1:17:12]} d4 {[%clk
1:18:47]} 15. a3 {[%clk 1:14:49]} Nc6 {[%clk 1:17:10]} 16. h4 {[%clk 1:13:44]}
Qc7 {[%clk 1:15:16]} 17. Bf4 {[%clk 1:11:58]} Rfb8 {[%clk 1:11:01]} 18. N1d2
{[%clk 0:59:51]} Nf8 {[%clk 1:06:23]} 19. h5 {[%clk 0:54:43]} h6 {[%clk
1:03:50]} 20. Ne4 {[%clk 0:53:41]} Nd7 {[%clk 1:00:04]} 21. Nd6 {[%clk
0:41:57]} Bxd6 {[%clk 1:00:18]} 22. exd6 {[%clk 0:41:52]} Qd8 {[%clk 1:00:33]}
23. g4 {[%clk 0:37:25]} Qf6 {[%clk 0:56:02]} 24. Qd2 {[%clk 0:32:31]} e5 {[%clk
0:55:47]} 25. Bg3 {[%clk 0:30:18]} Qxd6 {[%clk 0:54:46]} 26. g5 {[%clk
0:30:09]} hxg5 {[%clk 0:53:42]} 27. Qxg5 {[%clk 0:29:02]} f6 {[%clk 0:54:03]}
28. Qg4 {[%clk 0:27:36]} Nf8 {[%clk 0:47:06]} 29. Nh4 {[%clk 0:24:57]} Bc8
{[%clk 0:44:34]} 30. Bd5 {[%clk 0:23:27]} Qxd5 {[%clk 0:41:39]} 31. cxd5 {[%clk
0:21:55]} Bxg4 {[%clk 0:42:00]} 32. dxc6 {[%clk 0:22:14]} Rc8 {[%clk 0:42:15]}
33. f4 {[%clk 0:19:57]} exf4 {[%clk 0:41:34]} 34. Bxf4 {[%clk 0:20:21]} Rxc6
{[%clk 0:41:38]} 35. Rac1 {[%clk 0:18:21]} Bxh5 {[%clk 0:41:00]} 36. Nf5 {[%clk
0:17:49]} Re6 {[%clk 0:36:07]} 37. Nd6 {[%clk 0:16:47]} g5 {[%clk 0:34:27]} 38.
Bh2 {[%clk 0:17:07]} Bg6 {[%clk 0:34:21]} 39. Nb7 {[%clk 0:16:54]} Bxd3 {[%clk
0:30:36]} 40. Nxc5 {[%clk 0:16:59]} Rxe1 {[%clk 0:30:54]} 41. Rxe1 {[%clk
0:17:19]} Bg6 {[%clk 0:30:30]} 42. Rd1 {[%clk 0:16:30]} Rc8 {[%clk 0:29:19]}
43. Nb7 {[%clk 0:16:34]} d3 {[%clk 0:27:47]} 44. Nxa5 {[%clk 0:16:21]} Rc2
{[%clk 0:26:27]} 45. Bd6 {[%clk 0:15:17]} Ne6 {[%clk 0:24:37]} 46. Bb4 {[%clk
0:13:58]} Nf4 {[%clk 0:23:55]} 47. Rf1 {[%clk 0:12:59]} Nh3 {[%clk 0:24:06]}
48. Kh1 Be4 0-1